[Event "Cologne Longerich op 7th"]
[Site "Cologne"]
[Date "2010.07.31"]
[Round "2"]
[White "Wolfradt, Dirk"]
[Black "Holzem, Christopher"]
[Result "1/2-1/2"]
[WhiteElo "2069"]
[BlackElo "1972"]
[PlyCount "45"]
[EventDate "2010.07.30"]
[EventType "swiss"]
[EventRounds "5"]
[EventCountry "GER"]
[SourceTitle "EXT 2011"]
[Source "ChessBase"]
[SourceDate "2010.11.26"]
[SourceVersion "1"]
[SourceVersionDate "2010.11.26"]
[SourceQuality "1"]

1. d4 d5 2. c4 c6 3. Nf3 Nf6 4. cxd5 cxd5 5. Nc3 g6 6. Bg5 Bg7 7. Qb3 e6 8. Qa3 Qe7 9. Qxe7+ Kxe7 10. Ne5 h6 11. Bd2 Bd7 12. e3 Rc8 13. Bd3 a6 14. 0-0 b5 15. f3 Nc6 16. Ne2 Kf8 17. e4 dxe4 18. Bxe4 Be8 19. Bxc6 Bxc6 20. Rac1 Bd5 21. b3 Kg8 22. Rc5 Bf8 23. Rxc8 1/2-1/2

[Event "Bergisch Gladbach-ch"]
[Site "Bergisch Gladbach"]
[Date "2007.10.02"]
[Round "7"]
[White "Reinemer, Frank"]
[Black "Holzem, Christopher"]
[Result "1/2-1/2"]
[WhiteElo "2120"]
[BlackElo "1756"]
[PlyCount "36"]
[EventDate "2007.08.24"]
[EventType "swiss"]
[EventRounds "7"]
[EventCountry "GER"]
[SourceTitle "EXT 2011"]
[Source "ChessBase"]
[SourceDate "2010.11.26"]
[SourceVersion "1"]
[SourceVersionDate "2010.11.26"]
[SourceQuality "1"]

1. d4 d5 2. c4 c6 3. cxd5 cxd5 4. Nc3 e5 5. dxe5 d4 6. Ne4 Qa5+ 7. Bd2 Qxe5 8. Ng3 Nf6 9. Nf3 Qd5 10. e3 dxe3 11. Bxe3 Qxd1+ 12. Rxd1 Bb4+ 13. Bd2 Bxd2+ 14. Rxd2 0-0 15. Bc4 Re8+ 16. Re2 Rxe2+ 17. Kxe2 Bg4 18. h3 Bxf3+ 1/2-1/2

[Event "Bergisch Gladbach-ch"]
[Site "Bergisch Gladbach"]
[Date "2007.09.07"]
[Round "3"]
[White "Holzem, Christopher"]
[Black "Roelans, David"]
[Result "1-0"]
[WhiteElo "1756"]
[BlackElo "1292"]
[PlyCount "69"]
[EventDate "2007.08.24"]
[EventType "swiss"]
[EventRounds "7"]
[EventCountry "GER"]
[SourceTitle "EXT 2011"]
[Source "ChessBase"]
[SourceDate "2010.11.26"]
[SourceVersion "1"]
[SourceVersionDate "2010.11.26"]
[SourceQuality "1"]

1. e4 c5 2. c3 Nc6 3. d4 cxd4 4. cxd4 d6 5. Nc3 g6 6. d5 Nb8 7. Be3 Bg7 8. Rc1 Nf6 9. Bb5+ Nbd7 10. Nge2 a6 11. Bxd7+ Bxd7 12. 0-0 Bg4 13. f3 Bh5 14. g4 Nxg4 15. fxg4 Bxg4 16. Bd4 Bxd4+ 17. Qxd4 0-0 18. Ng3 Rc8 19. e5 Bh3 20. Rf2 b5 21. Qh4 Bd7 22. exd6 exd6 23. Qxd8 Rfxd8 24. Rfc2 Rc5 25. Nce4 Rxc2 26. Rxc2 Bc8 27. Nxd6 Rxd6 28. Rxc8+ Kg7 29. Rc5 f5 30. a3 Kf6 31. Ne2 Ke5 32. Nc3 h5 33. h4 f4 34. Kf2 Rd8 35. Rc6 1-0

[Event "Bergisch Gladbach-ch"]
[Site "Bergisch Gladbach"]
[Date "2006.10.06"]
[Round "7"]
[White "Holzem, Christopher"]
[Black "Bosbach, Manfred"]
[Result "1-0"]
[WhiteElo "1648"]
[BlackElo "1796"]
[PlyCount "97"]
[EventDate "2006.08.25"]
[EventType "swiss"]
[EventRounds "7"]
[EventCountry "GER"]
[SourceTitle "EXT 2008"]
[Source "ChessBase"]
[SourceDate "2007.11.25"]
[SourceVersion "1"]
[SourceVersionDate "2007.11.25"]
[SourceQuality "1"]

1. e4 e6 2. b3 d5 3. Bb2 dxe4 4. Nc3 Nf6 5. Qe2 Be7 6. Nxe4 0-0 7. Nf3 Bd7 8. Ne5 Nc6 9. Nxd7 Nxd7 10. d4 Nf6 11. 0-0-0 Nxe4 12. Qxe4 Qd5 13. Bd3 g6 14. h4 Nb4 15. Qxd5 Nxd3+ 16. Rxd3 exd5 17. Re3 Bf6 18. g3 Rfe8 19. Rhe1 Rxe3 20. Rxe3 b6 21. Kd2 c5 22. Kd3 Kf8 23. a4 Re8 24. Rxe8+ Kxe8 25. c4 dxc4+ 26. bxc4 Kd7 27. Ke4 Bxd4 28. Bxd4 cxd4 29. Kxd4 Kd6 30. g4 f6 31. h5 f5 32. gxf5 gxf5 33. h6 a6 34. f3 f4 35. Ke4 Kc5 36. Kxf4 Kxc4 37. Ke5 b5 38. axb5 axb5 39. f4 b4 40. f5 b3 41. f6 b2 42. f7 b1Q 43. f8Q Qe1+ 44. Kf6 Qe4 45. Kg7 Qg6+ 46. Kh8 Kd5 47. Qg7 Ke6 48. Qxg6+ hxg6 49. Kg7 1-0

[Event "Bergisch Gladbach-ch"]
[Site "Bergisch Gladbach"]
[Date "2006.09.29"]
[Round "6"]
[White "Gessinger, Winfried"]
[Black "Holzem, Christopher"]
[Result "0-1"]
[WhiteElo "1884"]
[BlackElo "1648"]
[PlyCount "50"]
[EventDate "2006.08.25"]
[EventType "swiss"]
[EventRounds "7"]
[EventCountry "GER"]
[SourceTitle "EXT 2008"]
[Source "ChessBase"]
[SourceDate "2007.11.25"]
[SourceVersion "1"]
[SourceVersionDate "2007.11.25"]
[SourceQuality "1"]

1. e4 e6 2. d4 d5 3. exd5 exd5 4. Bd3 Bd6 5. Nc3 c6 6. Nge2 Ne7 7. Nf4 Bf5 8. Nh5 0-0 9. Bxf5 Nxf5 10. Qg4 Re8+ 11. Ne2 g6 12. Bg5 Be7 13. h4 h6 14. Bd2 Bxh4 15. 0-0-0 Re4 16. Qf3 Bg5 17. Nhf4 Nxd4 18. Nxd4 Rxd4 19. Rde1 Nd7 20. c3 Ra4 21. Re2 Qf6 22. g3 Rxa2 23. Kb1 Ra6 24. Rhe1 Nc5 25. Be3 Qf5+ 0-1

[Event "Bergisch Gladbach-ch"]
[Site "Bergisch Gladbach"]
[Date "2006.09.08"]
[Round "3"]
[White "Sockel, Karl Heinz"]
[Black "Holzem, Christopher"]
[Result "1/2-1/2"]
[WhiteElo "1891"]
[BlackElo "1648"]
[PlyCount "27"]
[EventDate "2006.08.25"]
[EventType "swiss"]
[EventRounds "7"]
[EventCountry "GER"]
[SourceTitle "EXT 2008"]
[Source "ChessBase"]
[SourceDate "2007.11.25"]
[SourceVersion "1"]
[SourceVersionDate "2007.11.25"]
[SourceQuality "1"]

1. c4 e5 2. Nc3 Nc6 3. g3 g6 4. Bg2 Bg7 5. e4 Nge7 6. d3 0-0 7. Nge2 d6 8. 0-0 f5 9. f4 Nd4 10. Nxd4 exd4 11. Ne2 c5 12. Bd2 a5 13. Re1 Qc7 14. a3 1/2-1/2

[Event "Bergisch Gladbach-ch"]
[Site "Bergisch Gladbach"]
[Date "2005.09.23"]
[Round "5"]
[White "Holzem, Christopher"]
[Black "Sockel, Karl Heinz"]
[Result "1/2-1/2"]
[WhiteElo "1356"]
[BlackElo "1921"]
[PlyCount "62"]
[EventDate "2005.08.26"]
[EventType "swiss"]
[EventRounds "7"]
[EventCountry "GER"]
[SourceTitle "CBM 108 Extra"]
[Source "ChessBase"]
[SourceDate "2005.11.04"]
[SourceVersion "1"]
[SourceVersionDate "2005.11.04"]
[SourceQuality "1"]

1. d4 g6 2. e4 Bg7 3. Nf3 d6 4. Be2 c6 5. 0-0 Nf6 6. Nbd2 0-0 7. b3 Qc7 8. Bb2 Nbd7 9. h3 Nh5 10. Rb1 e5 11. dxe5 dxe5 12. Re1 Nf4 13. c4 Nc5 14. Ba3 b6 15. Bxc5 bxc5 16. Qc2 Ne6 17. Bf1 f5 18. a3 Nd4 19. Nxd4 cxd4 20. Bd3 c5 21. b4 Rb8 22. b5 Be6 23. f3 Bh6 24. Nb3 Be3+ 25. Kf1 Qe7 26. Ke2 Rbc8 27. Rf1 Bh6 28. Kd1 Rf6 29. Nd2 Qf7 30. Re1 Rb8 31. exf5 gxf5 1/2-1/2

[Event "Bergisch Gladbach-ch 26th"]
[Site "Bergisch Gladbach"]
[Date "2004.09.17"]
[Round "3"]
[White "Holzem, Christopher"]
[Black "Raupach, Birgit"]
[Result "1-0"]
[WhiteElo "1267"]
[BlackElo "1079"]
[PlyCount "43"]
[EventDate "2004.09.??"]
[EventType "swiss"]
[EventRounds "7"]
[EventCountry "GER"]
[SourceTitle "EXT 2005"]
[Source "ChessBase"]
[SourceDate "2004.11.15"]
[SourceVersion "1"]
[SourceVersionDate "2004.11.15"]
[SourceQuality "1"]

1. d4 d5 2. c4 e6 3. e3 Nf6 4. Nf3 c5 5. Nc3 Be7 6. Bd3 0-0 7. 0-0 Nc6 8. h3 a6 9. b3 b6 10. Bb2 Qc7 11. a3 Na5 12. Qc2 Bd7 13. Rab1 Rab8 14. Ne5 Bd6 15. Nxd7 Qxd7 16. cxd5 b5 17. dxc5 Bxc5 18. b4 Bb6 19. bxa5 Bxa5 20. dxe6 fxe6 21. Rfd1 b4 22. Bxh7+ 1-0

[Event "Bergisch Gladbach-ch 26th"]
[Site "Bergisch Gladbach"]
[Date "2004.09.10"]
[Round "2"]
[White "Reuter, Theo"]
[Black "Holzem, Christopher"]
[Result "1-0"]
[WhiteElo "1557"]
[BlackElo "1267"]
[PlyCount "69"]
[EventDate "2004.09.??"]
[EventType "swiss"]
[EventRounds "7"]
[EventCountry "GER"]
[SourceTitle "EXT 2005"]
[Source "ChessBase"]
[SourceDate "2004.11.15"]
[SourceVersion "1"]
[SourceVersionDate "2004.11.15"]
[SourceQuality "1"]

1. Nf3 d5 2. g3 b6 3. Bg2 Bb7 4. 0-0 Nf6 5. d3 h6 6. b3 e6 7. Bb2 Nbd7 8. Nbd2 c5 9. Rc1 Be7 10. Re1 Qc7 11. e3 0-0 12. c4 Rac8 13. cxd5 Nxd5 14. a3 N5f6 15. b4 Qb8 16. b5 Rfd8 17. Qe2 Qa8 18. Nh4 Nd5 19. Nhf3 Nc7 20. a4 a6 21. Ra1 Qb8 22. d4 a5 23. Nc4 f6 24. Nh4 Bxg2 25. Kxg2 Nd5 26. e4 Nb4 27. Ng6 Kf7 28. Nxe7 Kxe7 29. d5 exd5 30. exd5+ Kf7 31. Qe6+ Kg6 32. Nd6 Kh7 33. Nxc8 Qxc8 34. Bc3 Nc2 35. Qe4+ 1-0